| 000 | 00486nam a2200157Ia 4500 | ||
|---|---|---|---|
| 008 | 131103s9999 xx 000 0 und d | ||
| 040 | _aLoreto College | ||
| 041 | _aEnglish | ||
| 082 |
_a891.44/GUP _bLCLIB/19017 |
||
| 100 | _aGupta, Sushilkumar | ||
| 245 |
_aUnobinsha satabditey Banglar nabajagaran _cSushilkumar Gupta |
||
| 260 |
_aCalcutta _bA. Mukherjee & Co. _c1959 |
||
| 300 |
_a272p _c 22cm |
||
| 650 | _aBengali Literature - History and Criticism, 19th century | ||
| 942 | _cBK | ||
| 999 |
_c20291 _d70770 |
||